000
00808nam a22001697a 4500
020
_a
9788131521724
082
_a
338.5
100
_a
Synder, Christopher
245
_a
Microeconomic theory:basic principles and extensions
250
_a
11th
260
_a
Andover
_b
Cengage learning
_c
2012
300
_a
738
942
_c
BK
999
_c
2475
_d
2475